| 000 | 00531nam a22001817a 4500 | ||
|---|---|---|---|
| 005 | 20161123103709.0 | ||
| 010 | _aENG-116614 | ||
| 020 |
_a9789351436461 _c1695.00 |
||
| 035 | _aEN-100146 | ||
| 037 | _bDBAD/PUB | ||
| 082 | _a346.54066 | ||
| 245 | _aCorporate law referencer / | ||
| 250 | _b | ||
| 260 |
_aGurgaon _bLexisNexis _c2016 |
||
| 270 |
_a14th Floor, Building No.10, Tower-B, DLF Cyber City, Phase-II _bGurgaon _e122002 |
||
| 300 |
_aVarious Pagings _c24cm(pbk) |
||
| 942 |
_2ddc _cEN _mCOR _h346.54066 |
||
| 999 |
_c104713 _d104713 |
||